Responses for Show #2535 - Friday, September 15, 1995

Len Krisak game 4.

Contestants

[<< previous game]

Scott Astle, a teacher from South Pasadena, California

Steve Alper, a clinical social worker from La Mesa, California

Len Krisak, an editor from Newton, Massachusetts (whose 3-day cash winnings total $37,198)

[next game >>]

Jeopardy! Round responses

PLAINS
TWAIN
SAND
AUTOMOBILES
CANDY
MARTINS
(Alex: There is a message there--I leave you at home to figure it out!)
    $100 11
Eden

Len
    $100 1
smoking

Steve
    $100 16
pearl

Len
    $100 18
Volkswagen

Len
    $100 23
Sampler

Steve
    $100 6
Martin Luther King, Jr.

Steve
    $200 12
rhinoceros

Steve
    $200 2
Becky Thatcher

Steve
    $200 17
hourglass

Len
    $200 19
headlights

Len
    $200 24
Milky Way

Len
    $200 7
Martin Van Buren

Len
    $300 13
the Great Plains

Len
    $300 3
printer

Scott
    $300 25
cranberries

Len
    $300 20
Toyota

Steve
    $300 26
Almond Roca

Steve
    $300 8
(Len: Who was Martin Balsam?)

Martin Landau

LenSteve
    $400 14
Armageddon

Steve
    $400 4
New York

Steve
    $400 29
Sahara

Len
    $400 21
(Steve: Who was Rambler?)
(Scott: Who was George Romney?)

Nash

SteveScott
Triple Stumper
    $400 27
Snickers

Steve
    $400 9
Martin Scorsese

Steve
    $500 15
(Steve: What is Istanbul?)

Athens

Steve
    $500 5
(Len: Blank-out town!)

Virginia City

LenScott
    $500 30
(Len: What is mica?)
(Steve: What is silicon?)

quartz

LenSteve
Triple Stumper
    $500 22
Chrysler

Len
    $500 28
3 Musketeers

Scott
    $500 10
Martin Bormann

Len

Scores at the first commercial break (after clue 15):

Len Steve Scott
$300 $1,600 $800

Scores at the end of the Jeopardy! Round:

Len Steve Scott
$1,800 $1,800 $900

Double Jeopardy! Round responses

THE 1950s
FLOWERS
CLASSICAL MUSIC
WORLD CITIES
LAW
IN THE DICTIONARY
    $200 11
UPI (United Press International)

Steve
    $200 26
(Alex: And we have less than a minute.)

rose

Scott
    $200 8
Vienna

Steve
    $200 1
Manila

Scott
    $200 21
citizen

Len
    $200 4
eaglet

Len
    $400 15
Ireland

Len
    $400 27
Easter

Scott
    $400 9
Mozart

Steve
    $400 2
Hanoi

Steve
    $400 22
oath

Steve
    $400 5
gallop

Steve
    $600 18
707

Steve
    $600 28
heather

Scott
    $600 10
(Franz) Liszt

Len
    $600 3
Alexandria

Len
    $600 23
jury

Steve
    $600 13
scallion

Steve
    $1,000 19
(Sam) Rayburn

Steve
    $800 29
(Len: What is a sunflower?)

black-eyed Susan

Len
Triple Stumper
    $800 12
Pablo Casals

Len
    $800 6
(Len: What is New Delhi?)

Agra

Len
Triple Stumper
    $800 24
power of attorney

Scott
    $800 16
register

Len
    $1000 20
(Fulgencio) Batista

Len
    $1000 30
foxglove

Len
    $1000 14
Donizetti

Steve
    $800 7
Rouen

Steve
    $1000 25
injunction

Len
    $1000 17
iconoclast

Len

Scores at the end of the Double Jeopardy! Round:

Len Steve Scott
$7,800 $8,400 $3,100

[wagering suggestions for these scores]

Final Jeopardy! Round responses

RULERS
ScottWho are Henry VIII Edward VIII
$1,500
LenWho are Edward VII and Henry VIII?
$1,599
SteveWho are the Henry VII & George VI?
$7,201
Henry VIII & Edward VIII

Final scores:

Len Steve Scott
$6,201 $1,199 $4,600
4-day champion: $43,399 3rd place: Minoff table lamps 2nd place: a trip to Carmel Valley Ranch Resort + a set of Pinseeker golf clubs

Game dynamics:

Coryat scores:

Len Steve Scott
$7,800 $8,900 $3,100
23 R,
5 W
24 R
(including 2 DDs),
3 W
(including 1 DD)
8 R,
1 W

Combined Coryat: $19,800

[game clues] [game scores] [suggest correction]

Game tape date: Unknown
The J! Archive is created by fans, for fans. Scraping, republication, monetization, and malicious use prohibited; this site may use cookies and collect identifying information. See terms. The Jeopardy! game show and all elements thereof, including but not limited to copyright and trademark thereto, are the property of Jeopardy Productions, Inc. and are protected under law. This website is not affiliated with, sponsored by, or operated by Jeopardy Productions, Inc. Join the discussion at JBoard.tv.